000 01280nam a2200265 i 4500
001 182569
003 ES-MaACL
005 20250716052854.0
008 130927s1865 sp a | |||||||| | spa d
080 _a908(460.27)
080 _a94(460.27)
100 1 _aRosell, Cayetano,
_d1817-1883
_999681
245 1 0 _aCrónica de la provincia de Madrid /
_cpor Don Cayetano Rosell.
260 _aMadrid :
_bRonchi, Vitturi, Grilo,
_c1865.
300 _a246 p., [17] h. de lám., [1] h. de mapa :
_bil. ;
_c32 cm.
490 1 _aCrónica general de España, o sea Historia ilustrada y descriptiva de sus provincias, sus poblaciones más importantes de la península y de Ultramar
530 _aDisponible en formato digital.
597 _aTexto a dos columnas.
651 4 _aMadrid (Comunidad Autónoma)-
_xHistoria.
_98997
651 4 _aMadrid (Comunidad Autónoma)-
_xDescripción.
_98996
830 1 _aCrónica general de España, o sea Historia ilustrada y descriptiva de sus provincias, sus poblaciones más importantes de la península y posesiones de Ultramar
_9224862
852 4 _aES-MaACL
_jC-1577(1)
_z- Encuadernado con otras obras
856 4 _uhttp://bdh-rd.bne.es/viewer.vm?id=0000235187&page=1
_zBiblioteca Digital Hispánica
999 _c182569
_d182569